Položenie ob advokature Ėstonakoj SSR

Titel: Položenie ob advokature Ėstonakoj SSR : utverždeno zakonom Ėstonskoj SSR ot 20 nojabrja 1980 goda
Veröffentlicht: Tallinn : Ėėsti Raamat, 1981
Umfang: 36 S.
Format: Buch
Sprache: Russisch
Kein Bild verfügbar
X
Lokale Klassifikation: 47 12 M
alg: 28563789
001A    $03004:15-12-11 
001B    $01999:25-04-21 $t10:51:15.000 
001C    $03004:15-12-11 $t13:03:34.000 
001D    $03004:15-12-11 
001U    $0utf8 
001X    $00 
002@    $0Aau 
003@    $0285637894 
003O    $0768758857 $aOCoLC 
007A    $0285637894 $aHEB 
007T    $0Herdhh285637894 
010@    $arus 
011@    $a1981 
021A    $aPoloženie ob advokature Ėstonakoj SSR $dutverždeno zakonom Ėstonskoj SSR ot 20 nojabrja 1980 goda 
033A    $pTallinn $nĖėsti Raamat 
034D    $a36 S. 
045F    $a340.09 $eDDC23BSB 
045F/01 $a340.09 
045F/03 $g4798 
046L    $aIn kyrill. Schr., russ. 

lok: 28563789 24
101B    $023-01-12 $t09:24:21.000 
101C    $015-12-11 
101U    $0utf8 
145Z/01 $a47 12 M 

exp: 28563789 24 1 #EPN
201B/01 $006-02-12 $t14:43:43.000 
201C/01 $015-12-11 
201U/01 $0utf8 
203@/01 $0635448416 
208@/01 $a06-02-12 $bz 
209A/01 $aS 25729 $du $f050 $hS 25729 $x00 
209C/01 $a11.09747 G $h11 09747 G 
209G/01 $a72938720 $x00 
220C/01 $amar 
247C/01 $8358050-7 Marburg, Bibliothek des Herder-Instituts Marburg $9102600961 

lok: 28563789 78

exp: 28563789 78 1 #EPN
201B/01 $019-04-17 $t22:02:54.000 
201U/01 $0utf8 
203@/01 $0793668360 
208@/01 $a12-11-16 $be 
209A/01 $a/ $f000 $x00 
237A/01 $aIn kyrill. Schr., russ 
244Z/01 $2Trx $#Estija $#Igaunija $#Estland $#Estonia $#Estonia $#Estónsko $#Estonsko $8--Trx--Eesti $x01 $9391237225 
245Z/01 $a07.02 $x01 
247C/01 $82080>Marburg/Lahn, Herder-Institut, Forschungsbibliothek, Bibliographieportal $9336309341
LEADER 00000cam a2200000 c 4500
001 285637894
003 DE-603
005 20210425105115.0
007 tu
008 111215s1981 xx |||| | u00||u|rus c
035 |a (DE-599)HEB285637894 
035 |a (OCoLC)768758857 
040 |a DE-603  |b ger  |c DE-603  |d DE-603 
041 |a rus 
082 0 4 |8 1\u  |a 340.09  |q DE-101  |2 23/BSB 
085 |8 1\u  |b 340.09 
085 |8 1\u  |z 2  |s 4798 
245 0 0 |a Položenie ob advokature Ėstonakoj SSR  |b utverždeno zakonom Ėstonskoj SSR ot 20 nojabrja 1980 goda 
264 1 |a Tallinn  |b Ėėsti Raamat  |c 1981 
300 |a 36 S. 
546 |a In kyrill. Schr., russ. 
924 0 |9 Mb 50  |a (DE-603)635448416  |b DE-Mb50  |c HES  |d c  |g S 25729 
924 0 |9 2080  |a (DE-603)793668360  |b DE-2080  |c HES  |d d  |g /